Status Quo of Foresight in Slovakia

Salvato in:
Dettagli Bibliografici
Autore principale: Markovič, Peter, 1974-
Altri autori: Gubová, Klaudia, 1986-, Boorová, Brigita, 1979-
Natura: Capitolo di libro
Lingua:inglese
Tags: Aggiungi Tag
Nessun Tag, puoi essere il primo ad aggiungerne!!

MARC

LEADER 00000naa$a2200000$$$4500
001 0226673
005 20240502083607.2
041 0 |a eng 
044 |a PL 
245 1 0 |a Status Quo of Foresight in Slovakia  |c Peter Markovič, Klaudia Gubová, Brigita Boorová 
100 1 |a Markovič, Peter, 1974- 
700 1 |a Gubová, Klaudia, 1986- 
700 1 |a Boorová, Brigita, 1979-